[Event "New Zealand Junior Championship"]
[Site "Wellington"]
[Date "2023.01.08"]
[Round "6.2"]
[White "Young, Cohen"]
[Black "Braganza, Nadia"]
[Result "1-0"]
[WhiteElo "1994"]
[BlackElo "1838"]

1. e4 {[%clk 01:00:59] [%emt 00:00:01]} 1... c5 {[%clk 01:00:55] [%emt
00:00:06]} 2. Nf3 {[%clk 01:01:27] [%emt 00:00:02]} 2... g6 {[%clk 01:01:15]
[%emt 00:00:12]} 3. d4 {[%clk 01:01:43] [%emt 00:00:10]} 3... Bg7 {[%clk
01:01:40] [%emt 00:00:05]} 4. c4 {[%clk 01:01:23] [%emt 00:00:51]} 4... Qa5+
{[%clk 01:01:05] [%emt 00:01:05]} 5. Nc3 {[%clk 01:00:42] [%emt 00:01:12]} 5...
Nc6 {[%clk 01:01:01] [%emt 00:00:34]} 6. d5 {[%clk 00:56:55] [%emt 00:04:17]}
6... Nd4 {[%clk 01:00:39] [%emt 00:00:52]} 7. Bd2 {[%clk 00:57:17] [%emt
00:00:07]} 7... Nxf3+ {[%clk 01:00:27] [%emt 00:00:42]} 8. Qxf3 {[%clk
00:57:38] [%emt 00:00:09]} 8... d6 {[%clk 01:00:25] [%emt 00:00:32]} 9. Bd3
{[%clk 00:57:02] [%emt 00:01:06]} 9... Nf6 {[%clk 00:59:52] [%emt 00:01:03]}
10. h3 {[%emt 00:01:31]} 10... O-O {[%clk 00:59:39]} 11. Qe2 {[%clk 00:55:56]
[%emt 00:01:17]} 11... a6 {[%clk 00:53:46] [%emt 00:06:23]} 12. O-O {[%clk
00:55:04] [%emt 00:01:21]} 12... Qc7 {[%clk 00:52:13] [%emt 00:02:03]} 13. a3
{[%clk 00:53:02] [%emt 00:02:33]} 13... Bd7 {[%clk 00:48:42] [%emt 00:04:00]}
14. f4 {[%clk 00:51:40] [%emt 00:01:55]} 14... Nh5 {[%clk 00:47:39] [%emt
00:01:30]} 15. Kh2 {[%clk 00:50:58] [%emt 00:01:12]} 15... e5 {[%clk 00:43:27]
[%emt 00:04:43]} 16. f5 {[%clk 00:49:22] [%emt 00:02:06]} 16... Nf4 {[%clk
00:43:20] [%emt 00:00:36]} 17. Qf3 {[%clk 00:49:28] [%emt 00:00:24]} 17... Nxd3
{[%clk 00:31:38] [%emt 00:12:13]} 18. Qxd3 {[%clk 00:49:56] [%emt 00:00:02]}
18... Qd8 {[%clk 00:28:03] [%emt 00:04:05]} 19. g4 {[%clk 00:48:39] [%emt
00:01:47]} 19... h6 {[%clk 00:22:26] [%emt 00:06:07]} 20. Qf3 {[%clk 00:47:42]
[%emt 00:01:26]} 20... f6 {[%clk 00:17:42] [%emt 00:05:14]} 21. fxg6 {[%clk
00:46:43] [%emt 00:01:29]} 21... Qe8 {[%clk 00:18:08] [%emt 00:00:05]} 22. Rg1
{[%clk 00:45:38] [%emt 00:01:34]} 22... Kh8 {[%clk 00:12:52] [%emt 00:05:46]}
23. Ne2 {[%clk 00:45:41] [%emt 00:00:27]} 23... Qxg6 {[%clk 00:08:36] [%emt
00:04:46]} 24. Ng3 {[%clk 00:46:02] [%emt 00:00:09]} 24... Rg8 {[%clk 00:06:48]
[%emt 00:02:19]} 25. Nf5 {[%clk 00:46:05] [%emt 00:00:28]} 25... Bf8 {[%clk
00:07:11] [%emt 00:00:07]} 26. Raf1 {[%clk 00:45:06] [%emt 00:01:29]} 26... b5
{[%clk 00:02:35] [%emt 00:05:07]} 27. cxb5 {[%clk 00:41:27] [%emt 00:04:08]}
27... Bxb5 {[%clk 00:02:24] [%emt 00:00:40]} 28. Rf2 {[%clk 00:41:06] [%emt
00:00:52]} 28... Ra7 {[%clk 00:02:50] [%emt 00:00:04]} 29. Nh4 {[%clk 00:41:19]
[%emt 00:00:16]} 29... Qf7 {[%clk 00:01:47] [%emt 00:01:33]} 30. Qxf6+ {[%clk
00:41:35] [%emt 00:00:14]} 30... Qxf6 {[%clk 00:02:14] [%emt 00:00:03]} 31.
Rxf6 {[%clk 00:41:55] [%emt 00:00:09]} 31... Kh7 {[%clk 00:02:27] [%emt
00:00:17]} 32. Nf5 {[%clk 00:41:47] [%emt 00:00:39]} 32... Bg7 {[%clk 00:01:20]
[%emt 00:01:37]} 33. Rxd6 {[%clk 00:42:04] [%emt 00:00:12]} 33... Bd3 {[%clk
00:01:39] [%emt 00:00:11]} 34. Bxh6 {[%clk 00:39:51] [%emt 00:02:43]} 34... Bf8
{[%clk 00:01:45] [%emt 00:00:24]} 35. Bxf8 {[%clk 00:40:09] [%emt 00:00:13]}
35... Rxf8 {[%clk 00:02:11] [%emt 00:00:03]} 36. Re6 {[%clk 00:27:11] [%emt
00:13:27]} 36... Rb7 {[%clk 00:02:02] [%emt 00:00:39]} 37. Rxe5 {[%clk
00:26:49] [%emt 00:00:52]} 37... Rxb2+ {[%clk 00:02:19] [%emt 00:00:13]} 38.
Kg3 {[%clk 00:27:04] [%emt 00:00:14]} 38... Rb3 {[%clk 00:02:10] [%emt
00:00:40]} 39. Kh4 {[%clk 00:27:28] [%emt 00:00:06]} 39... Rh8 {[%clk 00:01:51]
[%emt 00:00:49]} 40. g5 {[%clk 00:27:12] [%emt 00:00:46]} 40... c4 {[%clk
00:00:42] [%emt 00:01:39]} 41. g6+ {[%clk 00:27:31] [%emt 00:00:11]} 41... Kg8+
{[%clk 00:01:08] [%emt 00:00:05]} 42. Kg5 {[%clk 00:27:49] [%emt 00:00:11]}
42... Rb8 {[%clk 00:01:07] [%emt 00:00:31]} 43. d6 {[%clk 00:27:36] [%emt
00:00:43]} 43... Rxh3 {[%clk 00:01:05] [%emt 00:00:33]} 44. d7 {[%clk 00:27:51]
[%emt 00:00:15]} 44... Rf8 {[%clk 00:00:54] [%emt 00:00:40]} 45. g7 {[%clk
00:27:41] [%emt 00:00:40]} 1-0

[Event "New Zealand Junior Championship"]
[Site "Wellington"]
[Date "2023.01.08"]
[Round "6.4"]
[White "Van der Hoorn, Thomas"]
[Black "Lu, Xiahan (Luna)"]
[Result "1/2-1/2"]
[WhiteElo "2068"]
[BlackElo "1480"]

1. e4 {[%clk 01:00:58] [%emt 00:00:01]} 1... c5 {[%clk 01:00:44] [%emt
00:00:17]} 2. Nf3 {[%clk 01:01:19] [%emt 00:00:08]} 2... d6 {[%clk 01:00:52]
[%emt 00:00:21]} 3. d4 {[%clk 01:01:43] [%emt 00:00:06]} 3... cxd4 {[%clk
01:00:49] [%emt 00:00:34]} 4. Nxd4 {[%clk 01:02:08] [%emt 00:00:05]} 4... Nf6
{[%clk 01:00:30] [%emt 00:00:49]} 5. Nc3 {[%clk 01:02:33] [%emt 00:00:05]} 5...
a6 {[%clk 01:00:11] [%emt 00:00:49]} 6. Bc4 {[%clk 01:02:46] [%emt 00:00:16]}
6... e6 {[%clk 00:59:56] [%emt 00:00:46]} 7. Bb3 {[%clk 01:03:10] [%emt
00:00:05]} 7... Be7 {[%clk 01:00:04] [%emt 00:00:23]} 8. Be3 {[%clk 01:03:21]
[%emt 00:00:19]} 8... O-O {[%clk 00:59:32] [%emt 00:01:01]} 9. Qe2 {[%clk
01:03:18] [%emt 00:00:32]} 9... Nc6 {[%clk 00:59:04] [%emt 00:01:00]} 10. O-O-O
{[%clk 01:03:21] [%emt 00:00:26]} 10... Qc7 {[%clk 00:56:37] [%emt 00:02:58]}
11. g4 {[%clk 01:00:55] [%emt 00:02:56]} 11... Nxd4 {[%clk 00:56:13] [%emt
00:00:54]} 12. Bxd4 {[%clk 01:01:15] [%emt 00:00:10]} 12... e5 {[%clk 00:56:17]
[%emt 00:00:26]} 13. Be3 {[%clk 01:01:39] [%emt 00:00:06]} 13... Bxg4 {[%clk
00:55:55] [%emt 00:00:51]} 14. f3 {[%clk 01:02:06] [%emt 00:00:05]} 14... Bh5
{[%clk 00:54:23] [%emt 00:02:01]} 15. Rhg1 {[%clk 01:00:48] [%emt 00:01:48]}
15... b5 {[%clk 00:53:52] [%emt 00:01:01]} 16. Qg2 {[%clk 00:58:39] [%emt
00:02:38]} 16... Bg6 {[%clk 00:49:31] [%emt 00:04:52]} 17. h4 {[%clk 00:53:09]
[%emt 00:06:01]} 17... Nh5 {[%clk 00:44:59] [%emt 00:05:00]} 18. Nd5 {[%clk
00:49:51] [%emt 00:03:49]} 18... Qb7 {[%clk 00:42:44] [%emt 00:02:40]} 19.
Nxe7+ {[%clk 00:48:10] [%emt 00:02:17]} 19... Qxe7 {[%clk 00:42:52] [%emt
00:00:23]} 20. Bg5 {[%clk 00:48:06] [%emt 00:00:32]} 20... Qc7 {[%clk 00:40:51]
[%emt 00:02:31]} 21. Qd2 {[%clk 00:47:07] [%emt 00:01:29]} 21... Rfe8 {[%clk
00:27:39] [%emt 00:13:40]} 22. Qxd6 {[%clk 00:46:51] [%emt 00:00:50]} 22...
Qxd6 {[%clk 00:27:21] [%emt 00:00:47]} 23. Rxd6 {[%clk 00:47:17] [%emt
00:00:05]} 23... Kf8 {[%clk 00:25:27] [%emt 00:02:23]} 24. Rgd1 {[%clk
00:46:41] [%emt 00:01:06]} 24... h6 {[%clk 00:24:33] [%emt 00:01:24]} 25. Be3
{[%clk 00:46:57] [%emt 00:00:16]} 25... Nf6 {[%clk 00:21:33] [%emt 00:03:29]}
26. Rb6 {[%clk 00:37:58] [%emt 00:09:28]} 26... Bh5 {[%clk 00:18:08] [%emt
00:03:56]} 27. Bxh6 {[%clk 00:34:31] [%emt 00:03:58]} 27... Nxe4 {[%clk
00:17:09] [%emt 00:01:28]} 28. Bxg7+ {[%clk 00:33:33] [%emt 00:01:29]} 28...
Kxg7 {[%clk 00:16:24] [%emt 00:01:12]} 29. Rg1+ {[%clk 00:34:01] [%emt
00:00:05]} 29... Kf8 {[%clk 00:16:05] [%emt 00:00:45]} 30. fxe4 {[%clk
00:34:27] [%emt 00:00:07]} 30... Ra7 {[%clk 00:14:53] [%emt 00:01:41]} 31. Rf6
{[%clk 00:33:39] [%emt 00:01:17]} 31... Be2 {[%clk 00:08:29] [%emt 00:06:54]}
32. Rg2 {[%clk 00:33:13] [%emt 00:00:51]} 32... Bc4 {[%clk 00:07:31] [%emt
00:01:33]} 33. Bxc4 {[%clk 00:33:32] [%emt 00:00:12]} 33... bxc4 {[%clk
00:07:08] [%emt 00:00:53]} 34. Rc6 {[%clk 00:33:54] [%emt 00:00:07]} 34... Rd8
{[%clk 00:05:22] [%emt 00:02:16]} 35. Rxc4 {[%clk 00:34:00] [%emt 00:00:25]}
35... Rad7 {[%clk 00:05:26] [%emt 00:00:25]} 36. b3 {[%clk 00:34:22] [%emt
00:00:08]} 36... Rd1+ {[%clk 00:05:28] [%emt 00:00:29]} 37. Kb2 {[%clk
00:34:49] [%emt 00:00:04]} 37... Re1 {[%clk 00:05:16] [%emt 00:00:40]} 38. h5
{[%clk 00:34:38] [%emt 00:00:42]} 38... Rh1 {[%clk 00:04:59] [%emt 00:00:46]}
39. Rg5 {[%clk 00:35:03] [%emt 00:00:06]} 39... Re8 {[%clk 00:03:53] [%emt
00:01:02]} 40. Rc6 {[%clk 00:35:03] [%emt 00:01:04]} 40... Rh4 {[%clk 00:03:46]
[%emt 00:00:35]} 41. Rxa6 {[%clk 00:34:09] [%emt 00:01:26]} 41... Rxe4 {[%clk
00:04:03] [%emt 00:00:13]} 42. h6 {[%clk 00:33:03] [%emt 00:01:36]} 42... Rh4
{[%clk 00:04:19] [%emt 00:00:13]} 43. Rg2 {[%clk 00:29:26] [%emt 00:04:07]}
43... e4 {[%clk 00:04:13] [%emt 00:00:37]} 44. Rf6 {[%clk 00:29:22] [%emt
00:00:31]} 44... Ke7 {[%clk 00:03:41] [%emt 00:00:53]} 45. Rb6 {[%clk 00:25:19]
[%emt 00:04:44]} 45... e3 {[%clk 00:03:07] [%emt 00:01:04]} 46. Re2 {[%clk
00:25:16] [%emt 00:00:33]} 46... Rh3 {[%clk 00:02:53] [%emt 00:00:44]} 47. a4
{[%clk 00:22:52] [%emt 00:02:54]} 47... f5 {[%clk 00:02:59] [%emt 00:00:24]}
48. a5 {[%clk 00:22:31] [%emt 00:00:52]} 48... f4 {[%clk 00:02:31] [%emt
00:01:00]} 49. a6 {[%clk 00:22:22] [%emt 00:00:37]} 49... Kd7 {[%clk 00:02:40]
[%emt 00:00:20]} 50. a7 {[%clk 00:21:15] [%emt 00:01:37]} 50... Ra8 {[%clk
00:02:02] [%emt 00:01:07]} 51. Rf6 {[%clk 00:20:18] [%emt 00:01:33]} 51... Rh4
{[%clk 00:02:01] [%emt 00:00:25]} 52. Rg6 {[%clk 00:20:20] [%emt 00:00:28]}
52... Rf8 {[%clk 00:01:19] [%emt 00:01:13]} 53. Rg7+ {[%clk 00:18:36] [%emt
00:02:14]} 53... Kc6 {[%clk 00:01:17] [%emt 00:00:30]} 54. h7 {[%clk 00:18:05]
[%emt 00:01:01]} 54... Rh8 {[%clk 00:00:49] [%emt 00:00:58]} 55. a8=Q+ {[%clk
00:17:41] [%emt 00:00:54]} 55... Rxa8 {[%clk 00:00:54] [%emt 00:00:25]} 56. Rg8
{[%clk 00:18:05] [%emt 00:00:06]} 56... Kb7 {[%clk 00:01:06] [%emt 00:00:16]}
57. Kc3 {[%clk 00:12:21] [%emt 00:06:15]} 57... Rxh7 {[%clk 00:01:09] [%emt
00:00:28]} 58. Rxa8 {[%clk 00:11:25] [%emt 00:01:26]} 58... Kxa8 {[%emt
00:00:04]} 59. Kd3 {[%clk 00:10:36] [%emt 00:01:18]} 59... Rf7 {[%clk 00:01:49]
[%emt 00:00:16]} 60. Re1 {[%clk 00:10:08] [%emt 00:00:58]} 60... Kb7 {[%clk
00:01:58] [%emt 00:00:21]} 61. c4 {[%clk 00:10:05] [%emt 00:00:33]} 61... Kc6
{[%clk 00:02:08] [%emt 00:00:20]} 62. b4 {[%clk 00:10:06] [%emt 00:00:29]}
62... Kd6 {[%clk 00:01:45] [%emt 00:00:54]} 63. Ke4 {[%clk 00:10:06] [%emt
00:00:29]} 63... Kc6 {[%clk 00:01:16] [%emt 00:00:57]} 64. Kf3 {[%clk 00:10:25]
[%emt 00:00:13]} 64... Kb6 {[%clk 00:00:46] [%emt 00:01:00]} 65. Rh1 {[%clk
00:10:44] [%emt 00:00:11]} 65... Rf6 {[%clk 00:00:43] [%emt 00:00:34]} 66. Ra1
{[%clk 00:11:00] [%emt 00:00:12]} 66... Rf7 {[%clk 00:00:49] [%emt 00:00:24]}
67. Ra8 {[%clk 00:10:46] [%emt 00:00:44]} 67... Kb7 {[%clk 00:00:57] [%emt
00:00:20]} 68. Re8 {[%clk 00:11:09] [%emt 00:00:09]} 68... Kb6 {[%clk 00:01:06]
[%emt 00:00:22]} 69. Re6+ {[%clk 00:11:34] [%emt 00:00:05]} 69... Kc7 {[%clk
00:01:22] [%emt 00:00:14]} 70. b5 {[%clk 00:11:56] [%emt 00:00:08]} 70... Kb7
{[%clk 00:01:38] [%emt 00:00:14]} 71. c5 {[%clk 00:12:12] [%emt 00:00:14]}
71... Rc7 {[%clk 00:01:45] [%emt 00:00:23]} 72. c6+ {[%clk 00:12:21] [%emt
00:00:21]} 72... Kb6 {[%clk 00:02:10] [%emt 00:00:05]} 73. Kxf4 {[%clk
00:12:24] [%emt 00:00:26]} 73... Kxb5 {[%clk 00:02:31] [%emt 00:00:09]} 74.
Kxe3 {[%clk 00:12:50] [%emt 00:00:05]} 74... Rxc6 {[%clk 00:02:37] [%emt
00:00:24]} 75. Rxc6 {[%clk 00:13:15] [%emt 00:00:04]} 75... Kxc6 {[%clk
00:02:54] [%emt 00:00:13]} 1/2-1/2

[Event "New Zealand Junior Championship"]
[Site "Wellington"]
[Date "2023.01.08"]
[Round "6.5"]
[White "Coates, Alex"]
[Black "Loke, Kayden"]
[Result "1-0"]
[WhiteElo "1718"]
[BlackElo "1972"]

1. d4 {[%clk 01:00:57] [%emt 00:00:02]} 1... Nf6 {[%clk 01:00:57] [%emt
00:00:04]} 2. c4 {[%clk 01:01:22] [%emt 00:00:04]} 2... d5 {[%clk 01:01:24]
[%emt 00:00:03]} 3. cxd5 {[%clk 01:01:31] [%emt 00:00:22]} 3... Nxd5 {[%clk
01:01:50] [%emt 00:00:04]} 4. e4 {[%clk 01:01:48] [%emt 00:00:13]} 4... Nb6
{[%clk 01:02:17] [%emt 00:00:04]} 5. Be3 {[%clk 01:00:53] [%emt 00:01:24]} 5...
e6 {[%clk 01:01:27] [%emt 00:01:20]} 6. Nc3 {[%clk 01:00:51] [%emt 00:00:32]}
6... Bb4 {[%clk 01:01:35] [%emt 00:00:21]} 7. a3 {[%clk 01:00:40] [%emt
00:00:42]} 7... Bxc3+ {[%clk 01:01:59] [%emt 00:00:06]} 8. bxc3 {[%clk
01:01:07] [%emt 00:00:03]} 8... Bd7 {[%clk 01:01:36] [%emt 00:00:54]} 9. e5
{[%clk 01:00:33] [%emt 00:01:03]} 9... Ba4 {[%clk 01:01:43] [%emt 00:00:23]}
10. Qg4 {[%clk 01:00:06] [%emt 00:00:58]} 10... g6 {[%clk 01:01:26] [%emt
00:00:47]} 11. Nf3 {[%clk 00:58:12] [%emt 00:02:24]} 11... Qd7 {[%clk 01:00:35]
[%emt 00:01:21]} 12. Nd2 {[%clk 00:55:06] [%emt 00:03:36]} 12... Nc6 {[%clk
01:00:03] [%emt 00:01:01]} 13. Bg5 {[%clk 00:54:03] [%emt 00:01:33]} 13... Ne7
{[%clk 00:57:34] [%emt 00:03:00]} 14. Ne4 {[%clk 00:48:40] [%emt 00:05:54]}
14... O-O-O {[%clk 00:57:56] [%emt 00:00:07]} 15. Nc5 {[%clk 00:46:11] [%emt
00:02:58]} 15... Qe8 {[%clk 00:58:21] [%emt 00:00:06]} 16. Bd3 {[%clk 00:29:44]
[%emt 00:16:57]} 16... Bc6 {[%clk 00:56:36] [%emt 00:02:14]} 17. Be4 {[%clk
00:28:48] [%emt 00:01:27]} 17... Bxe4 {[%clk 00:53:20] [%emt 00:03:47]} 18.
Qxe4 {[%clk 00:29:02] [%emt 00:00:16]} 18... c6 {[%clk 00:53:42] [%emt
00:00:07]} 19. Rb1 {[%clk 00:28:14] [%emt 00:01:18]} 19... Rd5 {[%clk 00:53:38]
[%emt 00:00:34]} 20. a4 {[%clk 00:26:02] [%emt 00:02:43]} 20... Rxc5 {[%clk
00:49:38] [%emt 00:04:28]} 21. dxc5 {[%clk 00:24:41] [%emt 00:01:52]} 21...
Nbd5 {[%clk 00:50:03] [%emt 00:00:06]} 22. Qc2 {[%clk 00:21:37] [%emt
00:03:33]} 22... h6 {[%clk 00:50:03] [%emt 00:00:30]} 23. Bxe7 {[%clk 00:20:41]
[%emt 00:01:26]} 23... Qxe7 {[%clk 00:50:17] [%emt 00:00:17]} 24. Qb2 {[%clk
00:20:04] [%emt 00:01:06]} 24... Rd8 {[%clk 00:48:44] [%emt 00:02:04]} 25. O-O
{[%clk 00:19:44] [%emt 00:00:50]} 25... Rd7 {[%clk 00:47:34] [%emt 00:01:40]}
26. c4 {[%clk 00:11:12] [%emt 00:09:01]} 26... Nf4 {[%clk 00:47:34] [%emt
00:00:30]} 27. Rfd1 {[%clk 00:04:17] [%emt 00:07:25]} 27... Nd3 {[%clk
00:46:32] [%emt 00:01:32]} 28. Qa3 {[%clk 00:03:32] [%emt 00:01:15]} 28... Nxe5
{[%clk 00:45:39] [%emt 00:01:23]} 29. Qb2 {[%clk 00:00:55] [%emt 00:03:07]}
29... Nd3 {[%clk 00:42:00] [%emt 00:04:10]} 30. Qc3 {[%clk 00:00:48] [%emt
00:00:37]} 30... Nxc5 {[%clk 00:41:05] [%emt 00:01:25]} 31. Rxd7 {[%clk
00:00:57] [%emt 00:00:21]} 31... Qxd7 {[%clk 00:41:06] [%emt 00:00:29]} 32. Qb4
{[%clk 00:00:47] [%emt 00:00:38]} 32... b6 {[%clk 00:37:42] [%emt 00:03:55]}
33. a5 {[%clk 00:00:52] [%emt 00:00:25]} 33... Na6 {[%clk 00:37:59] [%emt
00:00:13]} 34. Qc3 {[%clk 00:00:57] [%emt 00:00:25]} 34... Kb7 {[%clk 00:37:46]
[%emt 00:00:43]} 35. Qe3 {[%clk 00:01:01] [%emt 00:00:26]} 35... c5 {[%clk
00:37:40] [%emt 00:00:37]} 36. Qe4+ {[%clk 00:01:09] [%emt 00:00:20]} 36... Qc6
{[%clk 00:37:53] [%emt 00:00:18]} 37. Qf4 {[%clk 00:01:07] [%emt 00:00:32]}
37... Qc7 {[%clk 00:37:05] [%emt 00:01:18]} 38. Qf3+ {[%clk 00:01:25] [%emt
00:00:11]} 38... Kb8 {[%clk 00:36:38] [%emt 00:00:58]} 39. axb6 {[%clk
00:01:11] [%emt 00:00:45]} 39... axb6 {[%clk 00:37:03] [%emt 00:00:05]} 40. Qa3
{[%clk 00:01:12] [%emt 00:00:28]} 40... Nb4 {[%emt 00:00:30]} 41. Ra1 {[%clk
00:01:16] [%emt 00:00:25]} 41... Qb7 {[%clk 00:37:19] [%emt 00:00:14]} 42. Qg3+
{[%clk 00:01:30] [%emt 00:00:16]} 42... Qc7 {[%clk 00:34:49] [%emt 00:03:01]}
43. Ra8+ {[%clk 00:01:43] [%emt 00:00:17]} 43... Kb7 {[%clk 00:35:05] [%emt
00:00:14]} 44. Ra7+ {[%clk 00:02:07] [%emt 00:00:06]} 44... Kxa7 {[%clk
00:35:30] [%emt 00:00:06]} 45. Qxc7+ {[%clk 00:02:20] [%emt 00:00:16]} 45...
Ka6 {[%clk 00:35:57] [%emt 00:00:04]} 46. Qxf7 {[%clk 00:02:10] [%emt
00:00:40]} 46... Nd3 {[%clk 00:36:22] [%emt 00:00:06]} 47. Qe8 {[%clk 00:02:05]
[%emt 00:00:33]} 47... Ne5 {[%clk 00:36:33] [%emt 00:00:19]} 48. Qa8# {[%clk
00:02:02] [%emt 00:00:01]} 1-0